| 000 | 01174cam a22002653a 4500 | ||
|---|---|---|---|
| 001 | 13910 | ||
| 003 | PGUSA | ||
| 005 | 20140828083310.0 | ||
| 008 | 041031s2004||||xxu|||||s|||||000 | eng d | ||
| 040 |
_aPGUSA _beng |
||
| 042 | _adc | ||
| 050 | 4 | _aPE | |
| 100 | 1 |
_aNugent, Homer Heath, _d1893- |
|
| 245 | 1 | 2 |
_aA Book of Exposition _h[electronic resource] / _cHomer Heath Nugent |
| 260 |
_bProject Gutenberg, _c2004 |
||
| 505 | 0 | _aThe exposition of a mechanism; The levers of the human body, by Sir A. Keith -- The exposition of a machine; The Mergenthaler linotype, by P. T. Dodge -- The exposition of a process in nature; The pea weevil, by J. H. Fabre, tr. by B. Miall -- The exposition of a manufacturing process; Modern paper making, by J. W. Butler Paper Company -- The exposition of an idea; The gospel of relaxation, by W. James; Science and religion, by C. P. Steinmetz. | |
| 506 | _aPublic domain in the USA. | ||
| 516 | _aElectronic text | ||
| 653 | _aEnglish prose literature | ||
| 653 | _aReaders -- Science | ||
| 653 | _aExposition (Rhetoric) | ||
| 830 | 0 |
_aProject Gutenberg _v13910 |
|
| 856 | 4 | 0 | _uhttp://www.gutenberg.org/ebooks/13910 |
| 942 | _cEB | ||
| 999 |
_c243165 _d243165 |
||